000 00493cam a22002054a 4500
005 20250605164321.0
008 250528s ||||||||||||||||||||||||d
035 _a22935
020 _a9781861520913
040 _aGR-AtMCL
_bgre
_dGR-AtMCL
_eAACR2
245 1 _aPUBLIC RELATIONS: PRINCIPLES & PRACTICE
250 _a1
260 _c1997
300 _a325
700 1 _aKitchen Philip J
_91758
700 1 _aThames And Hudson
_92417
942 _cBK
999 _c7978
_d7978